00669 a2200169 4500020001500000040001300015082001100028100002200039245012400061260003000185300003500215650003700250650003100287700002300318856008500341856007300426 a0256219613 aDLCbDLC00a658.451 aCarr, Houston H.,14aThe management of telecommunications : business solutions to business problems cby Houston H. Carr, Charles A. Snyder. aChicago :bIrwin,cc1997. axxiv, 726 p. :bill. ;c24 cm. 0aBusinessxCommunication systems. 0aTelecommunication systems.1 aSnyder, Charles A.423Publisher descriptionuhttp://www.loc.gov/catdir/description/mh022/96038964.html423Table of contentsuhttp://www.loc.gov/catdir/toc/mh022/96038964.html